000 00311nam a2200133Ia 4500
008 240624s9999 xx 000 0 und d
041 _aeng
082 _a413 JAI
100 _aJAIN N C
245 _aDICTIONARY OF MANAGEMENT
260 _c2004
_aDelhi
_bA.I.T.B.S.
300 _a370 : p. : cm. ; 22
365 _cRS
999 _c1508
_d1508